MARC details
| 000 -LEADER |
| campo de control de longitud fija |
01387nam a2200289 i 4500 |
| 001 - NÚMERO DE CONTROL |
| campo de control |
170661 |
| 003 - IDENTIFICADOR DE NÚMERO DE CONTROL |
| campo de control |
ES-MaACL |
| 005 - FECHA Y HORA DE LA ÚLTIMA TRANSACCIÓN |
| campo de control |
20250824040307.0 |
| 008 - DATOS DE LONGITUD FIJA--INFORMACIÓN GENERAL |
| campo de control de longitud fija |
090327s1953 sp |||| | spa d |
| 245 00 - MENCIÓN DEL TÍTULO |
| Título |
Piezas maestras del teatro teológico español / |
| Mención de responsabilidad, etc. |
selección, notas e introducción general de Nicolás González Ruiz. |
| 250 ## - MENCION DE EDICION |
| Mención de edición |
2ª ed. |
| 260 ## - PUBLICACIÓN, DISTRIBUCIÓN, ETC. |
| Lugar de publicación, distribución, etc. |
Madrid : |
| Nombre del editor, distribuidor, etc. |
[La Editorial Católica], |
| Fecha de publicación, distribución, etc. |
1953. |
| 300 ## - DESCRIPCIÓN FÍSICA |
| Extensión |
2 v. ; |
| Dimensiones |
20 cm. |
| 490 1# - MENCIÓN DE SERIE |
| Mención de serie |
Biblioteca de autores cristianos ; |
| Designación de volumen o secuencia |
17-18 |
| 505 8# - NOTA DE CONTENIDO CON FORMATO |
| Nota de contenido con formato |
Contiene: T. I. Autos Sacramentales. (Pedraza, Anónimos, Timoneda, Lope de Vega, Valdivielso, Tirso de Molina, Calderón, Mira de Amescua, Montalbán, Rojas, Moreto, Bances); T. II. Comedias. (Tirso de Molina, Mira de Amescua, Calderón de la Barca, Guillén de Castro, Ruiz de Alarcón, Cervantes, Lope de Vega) |
| 600 14 - PUNTO DE ACCESO ADICIONAL DE MATERIA--NOMBRE DE PERSONA |
| 9 (RLIN) |
113563 |
| Nombre de persona |
Vega, Lope de, |
| Fechas asociadas al nombre |
1562-1635 |
| 600 14 - PUNTO DE ACCESO ADICIONAL DE MATERIA--NOMBRE DE PERSONA |
| 9 (RLIN) |
226522 |
| Nombre de persona |
Molina, Tirso de, |
| Fechas asociadas al nombre |
1579-1648 |
| 600 14 - PUNTO DE ACCESO ADICIONAL DE MATERIA--NOMBRE DE PERSONA |
| 9 (RLIN) |
239594 |
| Nombre de persona |
Calderón de la Barca, Pedro, |
| Fechas asociadas al nombre |
1600-1681 |
| 600 04 - PUNTO DE ACCESO ADICIONAL DE MATERIA--NOMBRE DE PERSONA |
| 9 (RLIN) |
100719 |
| Nombre de persona |
Ruiz de Alarcón y Mendoza, Juan |
| 600 14 - PUNTO DE ACCESO ADICIONAL DE MATERIA--NOMBRE DE PERSONA |
| 9 (RLIN) |
226514 |
| Nombre de persona |
Cervantes Saavedra, Miguel de, |
| Fechas asociadas al nombre |
1547-1616 |
| 650 #7 - PUNTO DE ACCESO ADICIONAL DE MATERIA--TÉRMINO DE MATERIA |
| Término de materia o nombre geográfico como elemento de entrada |
Teatro religioso español |
| Fuente del encabezamiento o término |
embne |
| 9 (RLIN) |
17386 |
| 700 1# - ENTRADA AGREGADA--NOMBRE PERSONAL |
| Nombre de persona |
González Ruiz, Nicolás, |
| Fechas asociadas al nombre |
1897-1967 |
| 9 (RLIN) |
58946 |
| 830 00 - PUNTO DE ACCESO ADICIONAL DE SERIE-TÍTULO UNIFORME |
| Título uniforme |
Biblioteca de autores cristianos |
| Designación de volumen o secuencia |
17-18 |
| 9 (RLIN) |
178679 |
| 852 ## - LOCALIZACIÓN |
| Ubicación |
ES-MaACL |
| Número de control de estantería |
J-18-19 |
| itemnumber |
R.46092 |
| 942 ## - ELEMENTOS DE ENTRADA SECUNDARIOS (KOHA) |
| Fuente del sistema de clasificación o colocación |
Clasificación decimal universal |